| 000 | 00698cam a2200229 a 4500 | ||
|---|---|---|---|
| 001 | 117464 | ||
| 003 | GBCCL | ||
| 005 | 20241126110340.0 | ||
| 008 | 781021t19501923nyu b 001 0 eng d | ||
| 035 | _a(OCoLC)ocm04310650 | ||
| 040 |
_aOKO _cOKO _dOCLCQ _dLBB |
||
| 049 | _aLBBK | ||
| 082 |
_a487.4 _bMAC |
||
| 090 |
_aPA817 _b.M3 1950 |
||
| 100 | 1 |
_aMachen, J. Gresham _q(John Gresham), _d1881-1937. _92930 |
|
| 245 | 1 | 0 |
_aNew Testament Greek for beginners / _cby J. Gresham Machen. |
| 260 |
_aNew York : _bMacmillan, _c1950, c1923. |
||
| 300 |
_a287 p. ; _c20 cm. |
||
| 504 | _aIncludes bibliographical references and index. | ||
| 650 | 0 |
_aGreek language, Biblical _xGrammar. _92933 |
|
| 942 |
_2ddc _cLAN |
||
| 999 |
_c553 _d553 |
||